Sports Quiz

Random Sports or Auto Racing Quiz

Going the distance Quiz Stats

 Plays Quiz not verified by Sporcle

Challenge
Share
Tweet
Embed
Score 0/69 Timer 06:00
0 Plays Today
Year Driver % Correct
2017Lewis Hamilton
100%
1995Michael Schumacher
97.7%
2001Michael Schumacher
97.7%
2002Michael Schumacher
97.7%
2003Michael Schumacher
97.7%
2006Fernando Alonso
97.1%
2007Fernando Alonso
97.1%
2010Fernando Alonso
97.1%
1950Juan Manuel Fangio
96%
1951Juan Manuel Fangio
96%
1954Juan Manuel Fangio
96%
1955Juan Manuel Fangio
96%
1957Juan Manuel Fangio
96%
1987Ayrton Senna
96%
1988Ayrton Senna
96%
1991Ayrton Senna
96%
2013Jenson Button
95.4%
2014Jenson Button
95.4%
1982Keke Rosberg
94.9%
1983Alain Prost
94.9%
1989Alain Prost
94.9%
1993Alain Prost
94.9%
2012Kimi Räikkönen
94.9%
2016Daniel Ricciardo
94.9%
1996Jacques Villeneuve
94.3%
1998Jacques Villeneuve
94.3%
2004Rubens Barrichello
94.3%
2009Rubens Barrichello
94.3%
1979Gilles Villeneuve
93.7%
2015Sebastian Vettel
93.7%
1953Alberto Ascari
93.1%
1975Niki Lauda
92.6%
1984 (shared)Niki Lauda
92.6%
2000David Coulthard
92.6%
1960Phil Hill
90.9%
Year Driver % Correct
1962Graham Hill
90.9%
1965Graham Hill
90.9%
1986Nelson Piquet
90.3%
1990Nelson Piquet
90.3%
1977Jody Scheckter
86.9%
1980Alan Jones
86.9%
1971Jackie Stewart
84.6%
1967Denny Hulme
84%
1968Denny Hulme
84%
1972Denny Hulme
84%
1973Denny Hulme
84%
1999Eddie Irvine
82.3%
1963Jim Clark
80.6%
2005Tiago Monteiro
80%
2008Nick Heidfeld
80%
1952Giuseppe Farina
78.9%
1981Carlos Reutemann
77.7%
1985Thierry Boutsen
76.6%
1994Olivier Panis
76.6%
1997Jean Alesi
76%
1966Jochen Rindt
75.4%
1958Mike Hawthorn
73.7%
1992Michele Alboreto
66.9%
2011Paul di Resta
66.9%
1961Dan Gurney
60.6%
1978Jacques Laffite
58.9%
1964Richie Ginther
52%
1984 (shared)Elio de Angelis
52%
1959Maurice Trintignant
51.4%
1956Jean Behra
47.4%
1969Jean-Pierre Beltoise
44.6%
1976Jean-Pierre Jarier
41.1%
1974John Watson
40%
1970Henri Pescarolo
21.1%

You're not logged in!

Compare scores with friends on all Sporcle quizzes.
Join for Free
OR
Log In

You Might Also Like...

Show Comments

Extras

Top Quizzes Today


Score Distribution

Your Account Isn't Verified!

In order to create a playlist on Sporcle, you need to verify the email address you used during registration. Go to your Sporcle Settings to finish the process.

Report this User

Report this user for behavior that violates our Community Guidelines.

Details: